Effectif Stade Rennais 2025/2026 - Statistiques

Statistiques générales
  • Ce quiz a été pris 1 092 fois
    186 depuis la dernière actualisation
  • Le résultat moyen est 19 sur 24
Statistiques - réponses
Poste Numéro Pays Joueur % Correct
G 30 France Brice Samba
99%
ATT 9 France Estéban Lepaul
94%
ATT 7 Suisse Breel Embolo
93%
COACH - France Franck Haise
92%
ATT 11 Jordanie Mousa Al-Tamari
92%
MIL 10 France Ludovic Blas
90%
MIL 21 France Valentin Rongier
88%
MIL 4 Finlande Glen Kamara
86%
DEF 95 Pologne Przemyslaw Frankowski
86%
DEF 97 France Jérémy Jacquet
84%
DEF 3 France Lilian Brassier
80%
DEF 48 Maroc Abdelhamid Ait Boudlal
79%
DEF 36 Ghana Alidu Seidu
78%
MIL 45 France Mahdi Camara
78%
DEF 26 France Quentin Merlin
78%
DEF 24 France Anthony Rouault
76%
DEF 18 Cameroun Mahamadou Nagida
74%
MIL 17 Pologne Sebastian Szymanski
74%
MIL 6 France Djaoui Cissé
70%
G 50 France Mathys Silistrie
61%
ATT 75 Equateur Elías Legendre Quiñónez
59%
ATT 70 France Arnaud Nordin
57%
ATT 77 Maroc Yassir Zabiri
56%
ATT 65 France Nordan Mukiele
55%
Aucun quiz correspondant
Distribution des résultats
% des personnes avec chaque résultat
Percentile par nombre de réponses
Votre historique - résultats
Vous n’avez pas pris ce quiz depuis la dernière actualisation